| 000 | 00938nam a2200193Ii 4500 | ||
|---|---|---|---|
| 003 | JO-AjNU | ||
| 008 | 230605s9999||||xx |||||||||||||| ||und|| | ||
| 040 |
_aJO-AjNU _bara _erda _cJO-AjNU |
||
| 041 | _aara | ||
| 050 | 1 | 4 | _aPJ7750.M8 A17 1978 |
| 100 | 3 |
_aتأليف ابي الطيب المتنبي؛ ضبطة وصححه ووضع فهارسه: مصطفى السقا، ابراهيم الابياري، عبدالحفيظ شلبي, _eauthor _959386 |
|
| 245 | 0 | 0 | _aديوان ابي الطيب المتنبي بشرح ابي البقاء العكبري، المسمى، بالتبيان في شرح الديوان، ج1-2 |
| 264 | 3 | 1 | _aبيروت: دار المعرفة ، 1978 |
| 300 |
_aج1-2: 400ص _bيحتوي على فهرس من ص 398-400 |
||
| 336 |
_atext _btxt _2rdacontent |
||
| 337 |
_aunmediated _bn _2rdamedia |
||
| 338 |
_avolume _bnc _2rdacarrier |
||
| 650 | 4 |
_aالشعر العربي - العصر العباسي _959387 |
|
| 999 |
_aA26721 _c30289 _d30289 |
||